| 000 | 00639nam a22001817a 4500 | ||
|---|---|---|---|
| 999 |
_c56830 _d56830 |
||
| 005 | 20190510143246.0 | ||
| 008 | 190510c2019 ру ||||| |||| 00| 0 рус d | ||
| 022 | _a0042-8841 | ||
| 041 | _aрус | ||
| 245 |
_aВопросы психологии : _b2018. Научный журнал / _cГл. ред.: Щедрина Е.В. |
||
| 260 |
_aМосква, _c2019. |
||
| 300 | _aV. | ||
| 653 | _aფსიქოლოგია | ||
| 653 | _aВопросы психологии N 6 ноябрь-декабрь 2018. | ||
| 653 | _aпериодика | ||
| 700 |
_aЩедрина Е.В. _eГл. редактор _9943 |
||
| 942 |
_2udc _cCR |
||